00783nam a2200241 i 4500003000900000005001700009007000300026008004100029040003000070041000800100082001900108100004500127245005900172250002200231264004200253300002500295336002700320337003300347338002800380500006600408500003800474504002900512DO-SdBNP20250703081243.0ta250703t2025 dr 000 0 spa d aDO-SdBNPbspacBNPHUerda hspa axxxxbJ38h2221 aJarvis Luis, Rafael,d1964-eautor4aut.10aHistoria del nombre de La Romana /cRafael Jarvis Luis aPrimera edición aSanto Domingo :bRenet copias,c2025. a29 páginasc20 cm. atextobtxt2rdacontent asin mediaciónbn2rdamedia avolumenbnc2rdacarrier aIncluye datos biografícos del autor en las páginas 27-29. aIncluye notas a pie de páginas. aBibliografía p: 23-25.